000
00400nam a2200157Ia 4500
008
090124s9999 xx 000 0 und d
082
_b
113049
245
_a
मातृपूजन
250
_a
1
260
_c
1969
300
_a
320
630
_a
मातृपूजन
700
_a
गाडगीळ अमरेंद्र.
730
_a
मातृपूजन
942
_c
BOOK
999
_c
159140
_d
159140